| 000 | 00624nam a2200205 a 4500 | ||
|---|---|---|---|
| 005 | 20140310183408.0 | ||
| 008 | 121030s19uu xx 00 eng d | ||
| 020 | _a978143545362x | ||
| 050 |
_aTA 174 _b.D855 2009 |
||
| 100 | _aDuff, Jon M. | ||
| 245 |
_aSketching for engineering design visualization / _cJon M. Duff, William A. Ross. |
||
| 260 |
_aNew York, United States : _bDelmar Cengage Learning, _c2009. |
||
| 300 |
_axii, 292 p. : _bill. ; _c28 cm. |
||
| 521 | _aMA | ||
| 650 | _aEngineering design | ||
| 650 | _aEngineering graphics | ||
| 700 | _aRoss, William A. | ||
| 942 |
_cBK _2lcc _kFOR |
||
| 999 |
_c22454 _d22454 |
||